000 01221nab a22002537a 4500
999 _c6346
_d6346
003 OSt
005 20260130222123.0
008 190603e xxum|||| |||| 00| 0 spa d
040 _cPJ
100 _94518
_aUrbina, Paola Alejandra
245 1 0 _aAntojadiza interpretación del PMO en desmedro del derecho a la salud /
_cPaola Alejandra Urbina.
260 _cCiudad Autónoma de Buenos Aires :
_aThomson Reuters La Ley,
_b2025.
300 _ap. 322-327
500 _aCita: TR LALEY AR/DOC/2267/2025 Publicado en: RCCyC 2025 (Octubre).
505 _aSumario: I. Los hechos del caso.— II. La obligación de las empresas de medicina prepaga.— III. Conclusión.
505 _aFallo comentado: CNCom., sala C ~ 05/06/2025 ~ M., R. A. c. Asociación Mutual Sancor Salud s/ sumarísimo.
505 _t¿Te interesa el texto completo? Solicitalo al correo: koha@justierradelfuego.gov.ar
650 0 _91497
_aCODIGO CIVIL Y COMERCIAL
650 0 _91253
_aDERECHO A LA SALUD
650 0 _93273
_aMEDICINA PREPAGA
650 0 _96424
_aDAÑO PUNITIVO
773 0 _02713
_93170
_dCiudad Autónoma de Buenos Aires : Thomson Reuters La Ley, 2015-
_tRevista Código Civil y Comercial. Nº 5 - Octubre 2025
942 _2udc
_cANA